000 00869nam a2200217Ii 4500
003 JO-AjNU
008 230605s9999||||xx |||||||||||||| ||und||
017 _a2006/8/2356
040 _aJO-AjNU
_bara
_erda
_cJO-AjNU
041 _aara
050 1 4 _aLC4015.Q26 2012
100 3 _aالقمش، مصطفى نوري مؤلف/المعايطة،خليل عبد الرحمن م.مشارك,
_eauthor
_942667
245 0 0 _aسيكولوجية الأطفال ذوي الإحتياجات الخاصة : مقدمة في التربية الخاصة
250 _aط5
264 3 1 _aعمان:دار المسيرة،2012
300 _a374ص
336 _atext
_btxt
_2rdacontent
337 _aunmediated
_bn
_2rdamedia
338 _avolume
_bnc
_2rdacarrier
650 4 _a الأطفال المعوقون-علم نفس-التربية الخاصة-علم نفس الطفل
_942668
999 _aA18287
_c21855
_d21855